000 00452nam a2200157Ia 4500
008 210716s2001 xx 000 0 und d
020 _a8170148286
041 _aeng
082 _a003 KAPV
100 _aKapoor, V K;Kapoor, Sumant.
245 _aOperations research: techniques for management.
_bTechniques for management.
250 _a7
260 _aNew Delhi
_bSultan chand & sons
_c2001
300 _a20.30,A.50
650 _aOperations Research
999 _c197781
_d197781